000 01510nam a22002417a 4500
003 DO-SdBJH
005 20240823171132.0
008 240823b |||||||| |||| 00| 0 spa d
040 _aDO-SdBJH
_bspa
_cDO-SdBJH
090 _aTG ANGM
_b02107 2022
100 1 _aEncarnación, Kelvyn
_esustentante
245 1 0 _aPropuesta para garantía de los oficiales recién graduados de la Academia Naval, a bordo de las unidades de superficie de la Armada de República Dominicana /
_cKelvyn Encarnación, José Casas Lebrón, asesores Raykel K. Sánchez, Gertrudis Perera
260 _aSanto Domingo Este :
_bINSUDE,
_c2022
300 _av, 86 páginas
502 _aTrabajo de grado (Licenciado en Ciencias Navales). -- Instituto Superior para la Defensa (INSUDE). Academia Naval Marina de Guerra “Vicealmirante Cesar D’Windt Lavandier”, 2022
504 _aIncluye referencias bibliográficas e índices
505 _aLa pasantía; definición, objetivo, modalidades y elaboración. -- Impacto de la aplicación de la pasantía en los oficiales navales. -- Propuesta para pasantía de los oficiales recién Graduados de la Academia Naval, a bordo de las unidades de superficies de la Armada de República Dominicana
700 1 _aCasas Lebrón, José
_esustentante
700 1 _a K. Sánchez, Raykel
_easesor
700 1 _aPerera, Gertrudis
_easesor
830 _aINSUDE. Academia Naval Marina de Guerra “Vicealmirante Cesar D’Windt Lavandier”. Tesis y disertaciones académicas
942 _2CL
_cT
999 _c7815
_d7815